01218nam a2200241 a 4500001001000000005001700010008004100027041000800068044000700076084002100083100004500104245008500149260003200234300002200266500026600288500017500554500001000729650005200739650005600791650003400847650004500881740005000926BRCA_255820190320203850.0261108s1868----sp-a---###---#000-0dspa-u aspa asp a163b.M365c18681 aCervantes Saavedra, Miguel ded1547-161610aEl Ingenioso Hidalgo Don Quijote de la Manchacpor Miguel de Cervantes Saavedra. aMadridbUrbano Maninic1868 a2 v.bil.c22 cm. aContenido : v 1. Primera parte. Retrato de Cervantes. Advertencia del editor. Dedicatoria del autor. Prólogo del autor. Versos preliminares. Texto. -- v 2. Segunda parte. Dedicatoria del autor. Prólogo del autor. Reseña bibliográfica de Cervantes. Texto aEdición económica, impresa con tipos grandes y espaciados. Va adornada con láminas de Urrabieta y grabadas en madera por Manchón y Toro. Semipiel Lúdovik Osterc aQM15014aNovela españolayÉpoca clásica, 1500-170014aLiteratura españolayÉpoca clásica, 1500-170014aNovela españolaySiglo XVII14aDon Quijote (Personaje ficticio)eNovela0 aEl Ingenioso Hidalgo Don Quijote de la Mancha